| 000 | 00373nam a2200133 a 4500 | ||
|---|---|---|---|
| 005 | 20140414093847.0 | ||
| 008 | 100223s19uu xx uuu eng d | ||
| 050 |
_aCDB 782.281 _bCHR 2004 |
||
| 245 |
_aChristmas favorites : _byour favorite holiday music in words pictures and audio. |
||
| 650 | _aChristmas music. | ||
| 650 | _aCarols. | ||
| 942 | _cAVM | ||
| 999 |
_c109644 _d109644 |
||